000 00901nam a22002777a 4500
001 6986
003 FISKH
005 20250616110535.0
008 250616b cb ||||| |||| 00| 0 eng d
020 _a0439216257
040 _aFISKH
_beng
_cFISKH
_dFISKH
050 _aPZ8.H553 D
082 _a782.42
100 _aHillenbrand, Will
245 _aDown by the station /
_cBy Will Hillenbrand
250 _aFirst scholastic printing, September 2000
260 _aNew York :
_bNew York ,
_c1999.
300 _a40 unnumbered pages :
_bcolor illustrations ;
_c23x28 cm .
505 _aD
520 _aIn this version of a familiar song, baby animals ride to the children's zoo on the zoo train. Printed music on last page.
521 8 _a160
_bLexile estimate
521 8 _aD
_bRaz-Plus
650 _aArt and Music
_vJuvenile Fiction
942 _2ddc
_cBK
_n0
999 _c6986
_d6986